| Tag |
First Indicator |
Second Indicator |
Subfields |
| LEADER |
00000cam a2200000 i 4500 |
| 001 |
in00000023814 |
| 005 |
20151007054333.0 |
| 008 |
760120s1926 au af b 00010 ger d |
| 035 |
|
|
|a (OCoLC)01935939
|
| 035 |
|
|
|9 AAB4733AM
|
| 040 |
|
|
|a BMC
|c BMC
|d m/c
|d TXA
|d UtOrBLW
|
| 049 |
|
|
|a TXAM
|c [A11052334]
|
| 050 |
|
4 |
|a N1682.A7
|b A4 1926
|
| 110 |
2 |
|
|a Kunsthistorisches Museum Wien.
|b Antiken-Sammlung.
|
| 245 |
1 |
0 |
|a Führer durch die Antikansammlung /
|c von Fritz Eichler.
|
| 264 |
|
1 |
|a Wien :
|b Kunsthistorischen Sammlungen,
|c 1926.
|
| 300 |
|
|
|a 55 pages, 8 pages of plates :
|b illustrations ;
|c 23cm.
|
| 336 |
|
|
|a text
|b txt
|2 rdacontent
|
| 337 |
|
|
|a unmediated
|b n
|2 rdamedia
|
| 338 |
|
|
|a volume
|b nc
|2 rdacarrier
|
| 490 |
1 |
|
|a Führer durch die Kunsthistorische sammlung in Wien ;
|v Heft 2
|
| 504 |
|
|
|a Includes bibliographical references.
|
| 500 |
|
|
|a "Verzeichnis der Standorte" in pocket.
|
| 650 |
|
0 |
|a Art, Ancient
|v Catalogs.
|
| 700 |
1 |
|
|a Eichler, Fritz,
|d 1887-1971,
|e editor.
|
| 830 |
|
0 |
|a Fuhrer durch die Kunsthistorische sammlung in Wien ;
|v Heft 2.
|
| 999 |
|
|
|a MARS
|
| 999 |
f |
f |
|s 58d194b6-1a76-3814-968b-674682b745bd
|i db592d74-6529-3866-9367-a6656cf1ca79
|t 0
|
| 952 |
f |
f |
|p ric
|a Texas A&M University
|b Rellis Campus
|c Joint Library Facility
|d Remote Storage
|t 0
|e N1682.A7 A4 1926
|h Library of Congress classification
|i unmediated -- volume
|m A14811052334
|
| 998 |
f |
f |
|a N1682.A7 A4 1926
|t 0
|l Remote Storage
|